| 000 | 00710cam a22002295a 4500 | ||
|---|---|---|---|
| 001 | 008729934 | ||
| 003 | OSt | ||
| 005 | 20201128024333.0 | ||
| 008 | 020409s2002 enka fr 000 0 eng d | ||
| 020 | _a0273659294 | ||
| 020 | _a9780273659297 | ||
| 040 |
_aStDuBDS _dUk _dEG-ScBUE _beng |
||
| 082 | 0 | 4 |
_222 _a658.421 _bSOU |
| 100 | 1 | _aSouthon, Mike. | |
| 245 | 1 | 4 |
_aThe beermat entrepreneur : _bturn your good idea into a great business / _cMike Southon and Chris West. |
| 260 |
_aHarlow : _bPrentice Hall / Pearson Education, _c2002. |
||
| 300 |
_axxvi, 148 p. : _bill. ; _c24 cm. |
||
| 650 | 7 |
_aEntrepreneurship. _2BUEsh _9240 |
|
| 653 |
_bGGEN _cMay2018 |
||
| 700 | 1 |
_aWest, Christopher, _d1954- |
|
| 942 | _2ddc | ||
| 999 |
_c26630 _d26602 |
||